000 00684nam a2200217 4500
003 OSt
005 20240614052338.0
006 a
008 240614b |||||||| |||| 00| 0 eng d
040 _aDWCL-Main lib.
_cOC
082 _aRes. 025.431 C385u 2007
100 _aCayaban, Enrique T.
245 _aUnderstanding the Dewey Decimal Classification for beginners /
260 _aNueva Vizcaya, Phils. :
_bSMU Pub.,
_cc2007.
300 _avi,
_b110 p. : b & w ill. ;
_c27 cm.
504 _aIncludes bibliography & index.
650 _a1. Classification, Dewey decimal.
650 _a2. Library classification.
700 _aEnrique T. Cayaban
942 _2ddc
_n0
_cBK-CIRC
_kRes.
999 _c693
_d693